000 00429nam a2200193Ia 4500
005 20240823040405.0
008 240823s9999||||xx |||||||||||||| ||und||
020 _a978-81-8493-352-9
041 _aENGLISH
082 _A954 P9
100 _aSusan Philip
245 0 _aSultans to Sepoy Mutiny
250 _a1st
260 _c2009
_bPr
500 _aDISPLAY
650 _aGeneral
_bGeneral
942 _cBK
999 _c202995
_d202995